Перспективы использования проектной методики при проведении внеурочных мероприятий на иностранном языке со студентами неязыковых специальностей института природных ресурсов ТПУ; Проблемы геологии и освоения недр; Т. 2

Bibliografiske detaljer
Parent link:Проблемы геологии и освоения недр: труды XVI Международного симпозиума имени академика М. А. Усова студентов и молодых ученых, Томск, 2-7 апреля 2012 г./ Национальный исследовательский Томский политехнический университет (ТПУ), Институт природных ресурсов (ИПР) ; Общество инженеров-нефтяников, Студенческий чаптер ; под ред. О. Г. Савичева.— , 2012
Т. 2.— 2012.— [С. 857-858]
Hovedforfatter: Коваленко Н. С. Надежда Сергеевна
Andre forfattere: Колбышева Ю. В. Юлия Владимировна
Summary:Заглавие с титульного листа
Sprog:russisk
Udgivet: 2012
Serier:Круглый стол "Профессиональная коммуникация и проблемы преподавания профессионального иностранного языка в области природных ресурсов недр земли"
Fag:
Online adgang:http://www.lib.tpu.ru/fulltext/c/2012/C11/V2/416.pdf
Format: MixedMaterials Electronisk Book Chapter
KOHA link:https://koha.lib.tpu.ru/cgi-bin/koha/opac-detail.pl?biblionumber=240876

MARC

LEADER 00000naa2a2200000 4500
001 240876
005 20251209141303.0
035 |a (RuTPU)RU\TPU\book\262137 
035 |a RU\TPU\book\262094 
090 |a 240876 
100 |a 20130626d2012 k y0rusy50 ca 
101 0 |a rus 
102 |a RU 
135 |a drcn ---uucaa 
181 0 |a i  
182 0 |a b 
200 1 |a Перспективы использования проектной методики при проведении внеурочных мероприятий на иностранном языке со студентами неязыковых специальностей института природных ресурсов ТПУ  |f Н. С. Коваленко, Ю. В. Колбышева 
203 |a Текст  |c электронный 
215 |a 1 файл (316 Кб) 
225 1 |a Круглый стол "Профессиональная коммуникация и проблемы преподавания профессионального иностранного языка в области природных ресурсов недр земли" 
300 |a Заглавие с титульного листа 
320 |a [Библиогр.: с.858 (3 назв.)] 
337 |a Adobe Reader 
461 1 |0 (RuTPU)RU\TPU\book\252494  |t Проблемы геологии и освоения недр  |o труды XVI Международного симпозиума имени академика М. А. Усова студентов и молодых ученых, Томск, 2-7 апреля 2012 г.  |o в 2 т.  |f Национальный исследовательский Томский политехнический университет (ТПУ), Институт природных ресурсов (ИПР) ; Общество инженеров-нефтяников, Студенческий чаптер ; под ред. О. Г. Савичева  |d 2012 
463 1 |0 (RuTPU)RU\TPU\book\252518  |t Т. 2  |v [С. 857-858]  |d 2012 
601 0 2 |a Национальный исследовательский Томский политехнический университет (ТПУ)  |c (2009- )  |2 stltpush  |3 (RuTPU)RU\TPU\col\15902 
601 0 2 |a Национальный исследовательский Томский политехнический университет (ТПУ)  |b Институт природных ресурсов (ИПР)  |2 stltpush  |3 (RuTPU)RU\TPU\col\16389 
610 1 |a труды учёных ТПУ 
610 1 |a электронный ресурс 
610 1 |a внеурочные мероприятия 
610 1 |a проектная методика 
610 1 |a иностранные языки 
610 1 |a изучение 
610 1 |a студенты 
610 1 |a неязыковые специальности 
700 1 |a Коваленко  |b Н. С.  |c лингвист  |c доцент Томского политехнического университета, кандидат филологических наук  |f 1981-  |g Надежда Сергеевна  |3 (RuTPU)RU\TPU\pers\31058 
701 1 |a Колбышева  |b Ю. В.  |c лингвист  |c доцент Томского политехнического университета, кандидат филологических наук  |f 1978-  |g Юлия Владимировна  |3 (RuTPU)RU\TPU\pers\29257  |9 13857 
801 1 |a RU  |b 63413507  |c 20130205 
801 2 |a RU  |b 63413507  |c 20130719  |g RCR 
856 4 |u http://www.lib.tpu.ru/fulltext/c/2012/C11/V2/416.pdf 
942 |c CF